Statistics for Top 10 Cat-Owning US States

Click here to take the quiz!

General Stats

  • This quiz has been taken 87 times
  • The average score is 6 of 10

Answer Stats

% householdsState% Correct
46.4%Maine
85%
40.2%Oregon
80%
39%Washington
77%
49.5%Vermont
75%
34.2%New Hampshire
69%
34.6%Idaho
54%
34.4%Indiana
46%
36.8%Kentucky
43%
38.1%West Virginia
39%
39.1%South Dakota
36%

Score Distribution

Percentile by Number Answered

Percent of People with Each Score

Your Score History

You have not taken this quiz